000 00513nam a22001937a 4500
003 MPLRDC
005 20220104143924.0
008 210129b ||||| |||| 00| 0 eng d
020 _a957-643-287-1
082 _a861.57 RBDS v.20
100 _a水桥文美江
245 _a他日再相逢
_c何咪娜 译
250 _a一版六刷
260 _a
_b台湾东贩股份有限公司
_c1998
300 _b
490 _a日本电视小说. 20
650 _a日本现代小说
942 _cBK
_o861.57 RBDS v.20
999 _c44658
_d44648